2025/26 French Football League Teams - Statistics

General Stats
  • This quiz has been taken 215 times
  • The average score is 24 of 36
Answer Stats
League Team % Correct
Ligue 1 Paris Saint-Germain
100%
Ligue 1 Olympique Marseille
97%
Ligue 1 Olympique Lyonnais
95%
Ligue 1 AS Monaco
93%
Ligue 1 LOSC Lille
93%
Ligue 1 Paris FC
93%
Ligue 1 FC Nantes
90%
Ligue 1 OGC Nice
88%
Ligue 1 Stade Rennais
88%
Ligue 2 AS Saint-Étienne
87%
Ligue 1 RC Strasbourg
85%
Ligue 1 Stade Brestois
84%
Ligue 1 Toulouse FC
83%
Ligue 1 RC Lens
82%
Ligue 2 Montpellier HSC
78%
Ligue 1 FC Lorient
77%
Ligue 1 AJ Auxerre
75%
Ligue 2 Stade de Reims
75%
Ligue 1 Le Havre AC
74%
Ligue 1 FC Metz
73%
Ligue 1 Angers SCO
69%
Ligue 2 Clermont Foot
55%
Ligue 2 AS Nancy
54%
Ligue 2 Amiens SC
53%
Ligue 2 Grenoble Foot
51%
Ligue 2 SC Bastia
51%
Ligue 2 ES Troyes AC
48%
Ligue 2 Red Star FC
47%
Ligue 2 Le Mans FC
45%
Ligue 2 Pau FC
42%
Ligue 2 EA Guingamp
37%
Ligue 2 USL Dunkerque
36%
Ligue 2 FC Annecy
33%
Ligue 2 Rodez AF
29%
Ligue 2 US Boulogne
24%
Ligue 2 Stade Lavallois
15%
No matching quizzes found
Score Distribution
Percent of People with Each Score
Percentile by Number Answered
Your Score History
You have not taken this quiz